Sky and earth / (Record no. 32809)

MARC details
000 -LEADER
fixed length control field 02511nam a22003617a 4500
005 - DATE AND TIME OF LATEST TRANSACTION
control field 2009121505555.0
008 - FIXED-LENGTH DATA ELEMENTS--GENERAL INFORMATION
fixed length control field 091214t xxu||||| |||| 00| 0 eng d
010 ## - LCCN (DPL NO)
LC control number B-380241-251
020 ## - INTERNATIONAL STANDARD BOOK NUMBER
International Standard Book Number 9788184510249
Terms of availability 200.00
035 ## - SYSTEM CONTROL NUMBER
System control number B-380241-251
037 ## - SOURCE OF ACQUISITION
Source of stock number/acquisition UBH
040 ## - CATALOGING SOURCE
Original cataloging agency dpl
Language of cataloging English
082 ## - DEWEY DECIMAL CLASSIFICATION NUMBER
Classification number 503
245 ## - TITLE STATEMENT
Title Sky and earth /
Statement of responsibility, etc compiled by Ruchi Batra
260 ## - PUBLICATION, DISTRIBUTION, ETC. (IMPRINT)
Place of publication, distribution, etc New Delhi
Name of publisher, distributor, etc Dreamland Publications
Date of publication, distribution, etc 2008
270 ## - ADDRESS
Address J-128, Kirti Nagar,
City New Delhi
Postal code 110015
300 ## - PHYSICAL DESCRIPTION
Extent 80p.:
Other physical details col. ill.
Dimensions 28cm(Hb)
490 ## - SERIES STATEMENT
Series statement Kid's first library of knowledge ; book-7
700 ## - ADDED ENTRY--PERSONAL NAME
Personal name Batra, Ruchi
942 ## - ADDED ENTRY ELEMENTS (KOHA)
Source of classification or shelving scheme Dewey Decimal Classification
Item type Children Books
Classification part 503
Call number suffix SKY
Holdings
Withdrawn status Lost status Source of classification or shelving scheme Damaged status Not for loan Collection code Home library Current library Date acquired Source of acquisition Cost, normal purchase price Total Checkouts Full call number Barcode Date last seen Copy number Cost, replacement price Koha item type Total Renewals Public note
    Dewey Decimal Classification     Non-fiction Bagh Kadhe Khan Bagh Kadhe Khan 25/05/2010 UBH /252/3.3.10/172/27.1.10/3.3.10 200.00   503 SKY B-380247 25/05/2010 1 200.00 Children Books    
    Dewey Decimal Classification     Non-fiction Bawana Bawana 25/05/2010 UBH /252/3.3.10/172/27.1.10/3.3.10 200.00   503 SKY B-380249 25/05/2010 1 200.00 Children Books    
    Dewey Decimal Classification     Non-fiction Central Library Central Library 25/05/2010 UBH /252/3.3.10/172/27.1.10/3.3.10 200.00   503 SKY B-380241 25/05/2010 1 200.00 Children Books    
Withdrawn   Dewey Decimal Classification     Non-fiction Janak Puri Janak Puri 25/05/2010 UBH /252/3.3.10/172/27.1.10/3.3.10 200.00 62 503 SKY B-380243 08/01/2014 1 200.00 Children Books    
    Dewey Decimal Classification     Non-fiction Karol Bagh Karol Bagh 25/05/2010 UBH /252/3.3.10/172/27.1.10/3.3.10 200.00   503 SKY B-380246 25/05/2010 1 200.00 Children Books    
Written off   Dewey Decimal Classification     Non-fiction Narela Narela 25/05/2010 UBH /252/3.3.10/172/27.1.10/3.3.10 200.00   503 SKY B-380248 25/05/2010 1 200.00 Children Books   Written off on approval by DLB (By Circulation); dtd 20.12.2022
    Dewey Decimal Classification     Non-fiction Patel Nagar Patel Nagar 25/05/2010 UBH /252/3.3.10/172/27.1.10/3.3.10 200.00   503 SKY B-380242 25/05/2010 1 200.00 Children Books    
  Written-off vide DLB M. No. 383 dt 16.05.19 Dewey Decimal Classification     Non-fiction R.C.Libraries (BL-IV) R.C.Libraries (BL-IV) 25/05/2010 UBH /252/3.3.10/172/27.1.10/3.3.10 200.00   503 SKY B-380251 25/05/2010 1 200.00 Children Books    
    Dewey Decimal Classification     Non-fiction Sarojini Nagar Sarojini Nagar 25/05/2010 UBH /252/3.3.10/172/27.1.10/3.3.10 200.00   503 SKY B-380244 25/05/2010 1 200.00 Children Books    
  Written-off vide DLB M. No. 383 dt 16.05.19 Dewey Decimal Classification     Non-fiction Shahdara Branch Shahdara Branch 25/05/2010 UBH /252/3.3.10/172/27.1.10/3.3.10 200.00   503 SKY B-380250 25/05/2010 1 200.00 Children Books    
    Dewey Decimal Classification     Non-fiction Vinoba Puri Vinoba Puri 25/05/2010 UBH /252/3.3.10/172/27.1.10/3.3.10 200.00 16 503 SKY B-380245 16/02/2015 1 200.00 Children Books 1  

© Delhi Public Library
Hit Counter
free hit counter